000 00657nam a2200229 i 4500
001 bgj
100 1 _aABBS, Brian
245 1 0 _aSnapshot Compact :
_bstudents' book and workbook /
_cBrian Abbs ; Chris Barker ; Ingrid Freebairn.
260 _aHarlow, Essex :
_bLongman,
_c2002.
300 _a158 pp :
_bill. ;
_c30 cm.
650 9 _aEnglish language
655 _aTextbooks for foreigners
655 _aTextbooks for secondary schools
700 1 _aFREEBAIRN, Ingrid
700 1 _aBARKER, Chris
020 _a058249883X
040 _cBPK
041 0 _aeng
920 _a0-582-49883-X
942 _cKS
008 s uk f |000 0 eng
999 _c48888
_d48888